UK Baby Boy Names by Year - Statistics

General Stats
  • This quiz has been taken 1,292 times
  • The average score is 150 of 200
Answer Stats
1904 % Correct
John
97%
William
95%
James
94%
George
93%
David
91%
Thomas
91%
Michael
90%
Peter
90%
Robert
90%
Charles
89%
Harry
89%
Henry
88%
Paul
88%
Edward
87%
Daniel
86%
Mark
86%
Matthew
86%
Andrew
85%
Richard
85%
Jack
83%
Christopher
82%
Alexander
79%
Benjamin
79%
Frank
78%
Samuel
78%
Joseph
76%
Luke
76%
Kevin
71%
Albert
70%
Brian
70%
Arthur
69%
Frederick
69%
Ian
69%
Joshua
69%
Nicholas
69%
Adam
68%
Anthony
68%
Philip
67%
Liam
66%
Donald
65%
Ronald
64%
Alan
63%
Simon
63%
Stephen
63%
Alfred
60%
Ryan
60%
Eric
59%
Jason
59%
Kenneth
59%
Martin
58%
Gary
57%
Steven
57%
Walter
54%
Harold
53%
Keith
53%
Jonathan
51%
Colin
49%
Leonard
49%
Raymond
45%
Dennis
43%
Graham
43%
Jake
42%
Roger
40%
Stanley
40%
Barry
38%
Derek
38%
Lee
34%
Ernest
33%
Jordan
33%
Roy
33%
Reginald
32%
Darren
29%
Craig
28%
Leslie
23%
Terence
22%
No matching quizzes found
Score Distribution
Percent of People with Each Score
Percentile by Number Answered
Your Score History
You have not taken this quiz